Masterpieces of the Swedish National Museum (Record no. 3899)

MARC details
000 -CABECERA
campo de control de longitud fija 00953nam a2200277 a 4500
001 - NÚMERO DE CONTROL
campo de control BRCA_4183
005 - FECHA Y HORA DE LA ÚLTIMA TRANSACCIÓN
campo de control 20190320204557.0
008 - DATOS DE LONGITUD FIJA--INFORMACIÓN GENERAL
campo de control de longitud fija 300410s1951----sw-a######---#000-0#eng-#
041 ## - CÓDIGO DE LENGUA
Código de lengua del texto/banda sonora o título independiente eng
044 ## - CÓDIGO DEL PAÍS DE LA ENTIDAD EDITORA/PRODUCTORA
Código MARC del país sw
050 #4 - SIGNATURA TOPOGRÁFICA DE LA BIBLIOTECA DEL CONGRESO
Número de clasificación N3540
Número de documento/Ítem .S87 2
-- 1951
100 1# - ENTRADA PRINCIPAL--NOMBRE DE PERSONA
Nombre de persona Strömbom, Sixten Georg Mauritz
9 (RLIN) 7817
245 10 - MENCIÓN DE TÍTULO
Título Masterpieces of the Swedish National Museum
Mención de responsabilidad, etc. Sixten Strömbom ; with a preface by Erik Wettergren ; translated from the Swedish by William Cameron.
260 ## - PUBLICACIÓN, DISTRIBUCIÓN, ETC.
Lugar de publicación, distribución, etc. Suecia
Nombre del editor, distribuidor, etc. Albert Bonnier
Fecha de publicación, distribución, etc. 1951
300 ## - DESCRIPCIÓN FÍSICA
Extensión 280 p.
Otras características físicas il. (algunas a color), 124 láminas
Dimensiones 31 cm.
500 ## - NOTA GENERAL
Nota general Incluye índice alfabético de artistas
500 ## - NOTA GENERAL
Nota general Ejemplar igual a AA93
500 ## - NOTA GENERAL
Nota general AA109
650 14 - PUNTO DE ACCESO ADICIONAL DE MATERIA--TÉRMINO DE MATERIA
Término de materia o nombre geográfico como elemento de entrada Pinturas
Subdivisión geográfica Estocolmo
9 (RLIN) 7818
650 14 - PUNTO DE ACCESO ADICIONAL DE MATERIA--TÉRMINO DE MATERIA
Término de materia o nombre geográfico como elemento de entrada Galerías y museos
Subdivisión geográfica Suecia
9 (RLIN) 7819
700 1# - PUNTO DE ACCESO ADICIONAL--NOMBRE DE PERSONA
Nombre de persona Wettergren, Erik
9 (RLIN) 7820
700 1# - PUNTO DE ACCESO ADICIONAL--NOMBRE DE PERSONA
Nombre de persona Cameron, William
Término indicativo de función/relación Traductor
9 (RLIN) 10790
710 2# - PUNTO DE ACCESO ADICIONAL--NOMBRE DE ENTIDAD CORPORATIVA
Nombre de entidad corporativa o nombre de jurisdicción como elemento de entrada National Museum (Estocolmo)
9 (RLIN) 7822
902 ## - CATALOGADOR
Iniciales GFM
942 ## - ELEMENTOS DE PUNTO DE ACCESO ADICIONAL (KOHA)
Fuente del sistema de clasificación o colocación Library of Congress Classification
Tipo de ítem Koha Libros
Holdings
Estado de retiro Estado de pérdida Estado dañado No para préstamo Localización permanente Ubicación/localización actual Fecha de adquisición Número de inventario Total de préstamos Signatura topográfica completa Código de barras Fecha visto por última vez Precio válido a partir de Tipo de ítem Koha
El ejemplar forma parte de la colección y puede ser consultado según las políticas vigentes.       Biblioteca del Museo Franz Mayer (Rogerio Casas-Alatriste) Biblioteca del Museo Franz Mayer (Rogerio Casas-Alatriste) 30/04/2010 AA109   N3540 .S87 2 1951 (AA109) 4180 22/03/2019 22/03/2019 Libros